Cuban anarchism : (Record no. 39122)
[ view plain ]
| 000 -CABECERA | |
|---|---|
| campo de control de longitud fija | 00536nam a2200169 a 4500 |
| 001 - NÚMERO DE CONTROL | |
| campo de control | 000039632 |
| 005 - FECHA Y HORA DE LA ÚLTIMA TRANSACCIÓN | |
| campo de control | 20201002033641.0 |
| 008 - DATOS DE LONGITUD FIJA--INFORMACIÓN GENERAL | |
| campo de control de longitud fija | 130712s2001 xxuac 000 0 spa d |
| 020 ## - NÚMERO INTERNACIONAL ESTÁNDAR DEL LIBRO | |
| Número Internacional Estándar del Libro | 1884365191 |
| 040 ## - FUENTE DE LA CATALOGACIÓN | |
| Centro catalogador/agencia de origen | DO-SdBNP |
| Lengua de catalogación | spa |
| Centro/agencia transcriptor | BNPHU |
| 082 ## - NÚMERO DE LA CLASIFICACIÓN DECIMAL DEWEY | |
| Número de clasificación | xxx |
| 100 1# - ENTRADA PRINCIPAL--NOMBRE DE PERSONA | |
| Nombre de persona | Fernández, Frank |
| 9 (RLIN) | 42650 |
| 245 10 - MENCIÓN DE TÍTULO | |
| Título | Cuban anarchism : |
| Resto del título | the history of a movement / |
| Mención de responsabilidad, etc. | Frank Fernández ; traducción Charles Bufe. |
| 260 ## - PUBLICACIÓN, DISTRIBUCIÓN, ETC. | |
| Lugar de publicación, distribución, etc. | Tucson, Arizona : |
| Nombre del editor, distribuidor, etc. | See sharp Press, |
| Fecha de publicación, distribución, etc. | 2001. |
| 300 ## - DESCRIPCIÓN FÍSICA | |
| Extensión | 154 p. : |
| Otras características físicas | il., ; |
| Dimensiones | 23 cm. |
| 700 1# - PUNTO DE ACCESO ADICIONAL--NOMBRE DE PERSONA | |
| Nombre de persona | Bufe, Charles, |
| Término indicativo de función/relación | tr. |
| 9 (RLIN) | 65813 |
| Estado de retiro | Estado de pérdida | Restricciones de uso | No para préstamo | Código de colección | Localización permanente | Ubicación/localización actual | Ubicación en estantería | Fecha de adquisición | Número de inventario | Total de préstamos | Signatura topográfica completa | Código de barras | Fecha visto por última vez | Precio válido a partir de | Tipo de ítem Koha |
|---|---|---|---|---|---|---|---|---|---|---|---|---|---|---|---|
| Monografías: Libros y Folletos | Patrimonio Dominicano | Patrimonio Dominicano | Orden iniciada | 12.07.2013 | LF1 | xxx | 39632-10 | 25.06.2020 | 25.06.2020 | No se presta |
